[Event "European School-ch 2019"]
[Site "Mamaia"]
[Date "2019.06.03"]
[Round "4.19"]
[White "Durak, Can"]
[Black "Samunenkov, Ihor"]
[Result "1-0"]
[WhiteElo "1646"]
[BlackElo "1972"]
[Annotator "NA RC"]
[PlyCount "129"]
[EventDate "2019.05.31"]
[EventType "swiss"]
[EventCountry "ROU"]
[SourceTitle "playchess.com"]
[Source "ChessBase"]
[SourceQuality "1"]
[TimeControl "40/5400+30:1800+30"]

1. d4 {[%emt 0:00:10]} Nf6 {[%emt 0:00:00]} 2. c4 {[%emt 0:00:23]} c5 {[%emt 0:00:00]} 3. d5 {[%emt 0:00:51]} e6 {[%emt 0:00:28]} 4. Nc3 {[%emt 0:00:48]} exd5 5. cxd5 {[%emt 0:00:12]} d6 {[%emt 0:00:15]} 6. e4 {[%emt 0:00:41]} g6 {[%emt 0:00:07]} 7. Nf3 {[%emt 0:00:23]} Bg7 {[%emt 0:00:27]} 8. Bd3 {[%emt 0:00:47]} O-O {[%emt 0:00:19]} 9. O-O {[%emt 0:01:31]} Bg4 {[%emt 0:06:56]} 10. Bf4 {[%emt 0:10:35]} a6 {[%emt 0:03:25]} 11. a4 {[%emt 0:03:07]} (11. h3 $5 {[%cal Rh3g4]} Bxf3 12. Qxf3 $14) 11... Qe7 {[%emt 0:01:22]} 12. h3 {[%emt 0:03:31]} Bxf3 {[%emt 0:01:15]} 13. Qxf3 {[%emt 0:00:11]} Nbd7 {[%emt 0:00:27]} 14. Qg3 {[%emt 0:02:12] A70: Modern Benoni: 6 e4 g6 7 Nf3} Ne5 {[%emt 0:05:01]} (14... Ne8 15. Rad1 Ne5 16. Be2 Nc7 17. Rfe1 b5 18. axb5 axb5 19. Nxb5 Nxb5 20. Bxb5 Rab8 21. Bf1 Rxb2 {½-½ (42) Kolay,A (2270)-Eswaran,A (2227) Charlotte 2019}) 15. Bxe5 {[%emt 0:04:41]} dxe5 {[%emt 0:01:05]} 16. Rfd1 $146 {[%emt 0:01:04]} ({Predecessor:} 16. Qe3 b6 17. Qe2 Nh5 18. g3 Qg5 19. h4 Qe7 20. Bxa6 f5 21. Bc4 Kh8 22. exf5 Rxf5 {1-0 (43) Ozeran,V (2059)-Niegsch,N (1986) Magdeburg 2013}) 16... Ne8 {[%emt 0:05:02]} 17. Qe3 {[%emt 0:02:57]} Rc8 {[%emt 0:03:30]} 18. Rac1 {[%emt 0:04:55]} Nd6 {[%emt 0:03:15]} 19. b3 {[%emt 0:03:25]} f5 {[%emt 0:11:40]} 20. f3 {[%emt 0:03:43]} Bf6 {[%emt 0:07:16]} 21. Qe2 {[%emt 0:03:50]} Bg5 {[%emt 0:04:17]} 22. Rc2 {[%emt 0:02:47]} Bf4 {[%emt 0:05:00]} 23. Kh1 {[%emt 0:07:48]} Qh4 {[%emt 0:04:34]} 24. Qe1 {[%emt 0:02:43]} Bg3 {[%emt 0:03:29]} 25. Qe2 {[%emt 0:03:52]} f4 {[%emt 0:03:52]} 26. Qf1 {[%emt 0:02:08]} g5 {[%emt 0:03:50]} 27. Ne2 {[%emt 0:02:20]} h5 {[%emt 0:13:06]} 28. Rdc1 {[%emt 0:02:36]} g4 {[%emt 0:03:59]} 29. Ng1 {[%emt 0:00:54]} Qe7 {[%emt 0:03:00]} 30. Rc3 {[%emt 0:02:36]} a5 {[%emt 0:01:56]} 31. Qe2 {[%emt 0:02:17]} gxh3 {[%emt 0:00:53]} 32. Nxh3 {[%emt 0:00:29]} b6 {[%emt 0:00:14]} 33. Bb5 {[%emt 0:02:39]} Rc7 {[%emt 0:01:30]} 34. Rb1 {[%emt 0:01:01]} Ra7 {[%emt 0:00:28]} 35. Bc6 {[%emt 0:02:55]} Qh4 {[%emt 0:00:43]} 36. Rc2 {[%emt 0:01:57]} Rd8 {[%emt 0:00:54]} 37. Rd2 {[%emt 0:01:00]} Kf8 {[%emt 0:00:59]} 38. Qd3 {[%emt 0:01:01]} Kg8 {[%emt 0:01:57]} 39. Qe2 {[%emt 0:00:28]} Kg7 {[%emt 0:00:38]} 40. Qd3 {[%emt 0:00:00]} Kf6 {[%emt 0:00:00]} 41. Kg1 {[%emt 0:00:41]} Rg8 {[%emt 0:01:24]} 42. Kf1 {[%emt 0:01:30]} Bh2 {[%emt 0:01:14]} 43. Qe2 {[%emt 0:02:24]} Rag7 {[%emt 0:07:53]} 44. Qf2 {[%emt 0:01:20]} Rg3 {[%emt 0:02:35]} 45. Bd7 {[%emt 0:02:57]} Ke7 {[%emt 0:02:40]} 46. Be6 {[%emt 0:00:17]} R8g7 {[%emt 0:00:08]} 47. Rbb2 {[%emt 0:01:55]} Qf6 {[%emt 0:03:42]} 48. Qe1 {[%emt 0:01:09]} Qf8 {[%emt 0:01:19]} 49. Qb1 {[%emt 0:01:27]} Nb7 {[%emt 0:02:52]} 50. Qd3 {[%emt 0:01:21]} Nd6 {[%emt 0:01:14]} 51. Qa6 {[%emt 0:02:02]} Qb8 {[%emt 0:03:58]} 52. Rdc2 {[%emt 0:01:51]} Kf6 {[%emt 0:03:49]} 53. Qd3 {[%emt 0:01:18]} Ke7 {[%emt 0:01:29] [#]} 54. Rd2 $2 {[%emt 0:02:03]} (54. Nxf4 $1 $18 {[%mdl 512]} exf4 55. e5) 54... Qc7 {[%emt 0:00:40]} 55. Nxf4 {[%emt 0:01:41]} (55. Rbc2 $14) 55... exf4 $4 {[%emt 0:01:44]} (55... c4 $17 {stays on course.} 56. bxc4 Qc5) 56. e5 {[%emt 0:00:11]} h4 {[%emt 0:01:03]} 57. exd6+ {[%emt 0:00:12]} Kxd6 {[%emt 0:00:11]} 58. Qe4 {[%emt 0:00:40]} R3g5 {[%emt 0:00:45]} 59. Re2 {[%emt 0:00:58]} Re7 $18 {[%emt 0:00:54]} 60. Rb1 {[%emt 0:05:28]} Qd8 {[%emt 0:00:55]} 61. Qc4 {[%emt 0:01:18]} Qh8 {[%emt 0:00:41]} 62. Qb5 {[%emt 0:00:36]} Kc7 {[%emt 0:00:27]} 63. d6+ {[%emt 0:00:43]} Kb7 {[%emt 0:00:46]} 64. dxe7 {[%emt 0:00:17]} Qd4 {[%emt 0:00:08]} 65. Qd7+ {[%emt 0:00:05]} 1-0

[Event "European School-ch 2019"]
[Site "Mamaia"]
[Date "2019.06.03"]
[Round "4.20"]
[White "Gurel, Ediz"]
[Black "Celik, Hasan Huseyin"]
[Result "1-0"]
[WhiteElo "1914"]
[BlackElo "1727"]
[Annotator "NA"]
[PlyCount "63"]
[EventDate "2019.05.31"]
[EventType "swiss"]
[EventCountry "ROU"]
[SourceTitle "playchess.com"]
[Source "ChessBase"]
[SourceQuality "1"]
[TimeControl "40/5400+30:1800+30"]

1. e4 {[%emt 0:00:00]} e6 {[%emt 0:00:00]} 2. d4 {[%emt 0:00:16]} d5 {[%emt 0:01:25]} 3. Nc3 {[%emt 0:00:17]} Bb4 {[%emt 0:00:05]} 4. Nge2 {[%emt 0:00:53]} Nf6 {[%emt 0:00:31]} 5. Bg5 {[%emt 0:04:41]} dxe4 {[%emt 0:10:50]} 6. a3 {[%emt 0:00:21]} Be7 {[%emt 0:00:28]} 7. Bxf6 {[%emt 0:00:25]} Bxf6 {[%emt 0:01:20]} 8. Nxe4 {[%emt 0:00:09]} Be7 {[%emt 0:00:10]} 9. g3 {[%emt 0:01:36]} Nd7 10. Bg2 {[%emt 0:01:25]} O-O {[%emt 0:04:46]} 11. O-O $11 {[%emt 0:01:31]} Nf6 {[%emt 0:02:18]} 12. c4 {[%emt 0:04:43]} c6 {[%emt 0:02:14]} 13. Qc2 {[%emt 0:02:02]} Qc7 {[%emt 0:01:15]} 14. Rac1 {[%emt 0:02:43]} Rd8 {[%emt 0:01:57]} 15. Rfd1 {[%emt 0:02:06]} b6 {[%emt 0:06:14]} 16. Nf4 {[%emt 0:08:19]} Bb7 {[%emt 0:02:58]} 17. Ng5 {[%emt 0:13:20]} Qc8 {[%emt 0:11:52]} 18. Bh3 {[%emt 0:02:21]} Rd6 {[%emt 0:14:47]} 19. c5 {[%emt 0:04:45]} bxc5 {[%emt 0:00:00]} 20. dxc5 {[%emt 0:00:05]} Rxd1+ 21. Rxd1 {[%emt 0:00:06]} Qc7 {[%emt 0:03:02]} 22. Nfxe6 {[%emt 0:01:48]} Qa5 {[%emt 0:01:27]} 23. Nxf7 {[%emt 0:21:49]} Kxf7 {[%emt 0:06:03]} 24. Ng5+ {[%emt 0:00:09]} Kf8 {[%emt 0:00:08]} 25. Qb3 {[%emt 0:00:11]} Nd5 {[%emt 0:01:29]} 26. Qxb7 {[%emt 0:00:18]} Re8 {[%emt 0:01:06]} 27. Nxh7+ {[%emt 0:01:07]} Kg8 {[%emt 0:00:55]} 28. Qxc6 {[%emt 0:00:08]} Rd8 {[%emt 0:00:22]} 29. Rxd5 {[%emt 0:01:04]} Qe1+ {[%emt 0:00:06]} 30. Bf1 {[%emt 0:00:03]} Rxd5 31. Qxd5+ {[%emt 0:00:10]} Kxh7 {[%emt 0:00:25]} 32. Kg2 {[%emt 0:00:53]} 1-0

[Event "European School-ch 2019"]
[Site "Mamaia"]
[Date "2019.06.03"]
[Round "4.21"]
[White "Nemsadze, Daviti"]
[Black "Krawczyk, Flawian"]
[Result "1-0"]
[WhiteElo "1803"]
[BlackElo "1795"]
[Annotator "NA"]
[PlyCount "125"]
[EventDate "2019.05.31"]
[EventType "swiss"]
[EventCountry "ROU"]
[SourceTitle "playchess.com"]
[Source "ChessBase"]
[SourceQuality "1"]
[TimeControl "40/5400+30:1800+30"]

1. Nf3 {[%emt 0:00:00]} Nf6 {[%emt 0:00:00]} 2. c4 {[%emt 0:00:00]} g6 {[%emt 0:00:00]} 3. Nc3 {[%emt 0:00:00]} Bg7 {[%emt 0:00:00]} 4. e4 {[%emt 0:00:02]} d6 {[%emt 0:00:00]} 5. d4 {[%emt 0:00:06]} O-O {[%emt 0:00:02]} 6. Be2 {[%emt 0:00:03]} e5 {[%emt 0:00:10]} 7. O-O {[%emt 0:05:02]} Nc6 {[%emt 0:01:24]} 8. d5 {[%emt 0:08:08]} Ne7 {[%emt 0:00:06]} 9. h3 {[%emt 0:00:20]} Nh5 {[%emt 0:02:07]} 10. Ne1 {[%emt 0:08:18]} Nf4 {[%emt 0:01:19]} 11. Nd3 {[%emt 0:02:18]} Nxe2+ {[%emt 0:00:18]} 12. Qxe2 {[%emt 0:00:04]} f5 $11 {[%emt 0:01:00]} 13. f3 {[%emt 0:19:10]} f4 {[%emt 0:04:40]} 14. c5 {[%emt 0:04:24]} g5 {[%emt 0:03:18]} 15. Bd2 {[%emt 0:01:09]} c6 {[%emt 0:06:19]} 16. cxd6 {[%emt 0:22:33]} Qxd6 {[%emt 0:01:32]} 17. dxc6 {[%emt 0:00:51]} bxc6 {[%emt 0:05:24]} 18. Nf2 {[%emt 0:03:14]} c5 {[%emt 0:01:35]} 19. Rfd1 {[%emt 0:03:36]} Ba6 {[%emt 0:02:28]} 20. Qe1 {[%emt 0:00:26]} Qe6 {[%emt 0:02:32]} 21. Na4 {[%emt 0:01:00]} Qc6 {[%emt 0:06:46]} 22. b3 {[%emt 0:00:06]} Bb5 {[%emt 0:00:50]} 23. Nc3 {[%emt 0:00:17]} Rfd8 {[%emt 0:05:02]} 24. Rac1 {[%emt 0:00:56]} Rac8 {[%emt 0:02:21]} 25. Nxb5 {[%emt 0:06:40]} Qxb5 {[%emt 0:00:41]} 26. Rc4 {[%emt 0:00:01]} Rd4 {[%emt 0:03:38]} 27. Rdc1 {[%emt 0:01:36]} Qd7 {[%emt 0:02:33]} 28. Ba5 {[%emt 0:00:51]} Rxc4 {[%emt 0:03:44]} 29. Rxc4 {[%emt 0:00:09]} Qd6 {[%emt 0:03:25]} 30. Qc3 {[%emt 0:00:27]} Bf8 {[%emt 0:01:23]} 31. Nd3 {[%emt 0:01:36]} Ng6 {[%emt 0:01:11]} 32. Kh2 {[%emt 0:01:31]} h5 {[%emt 0:01:46]} 33. Nxc5 {[%emt 0:01:01]} g4 {[%emt 0:01:26]} 34. Nd3 {[%emt 0:02:24]} g3+ {[%emt 0:01:56]} 35. Kh1 {[%emt 0:01:15]} Rxc4 {[%emt 0:00:19]} 36. Qxc4+ {[%emt 0:00:04]} Kh8 {[%emt 0:00:37]} 37. Bb4 {[%emt 0:01:02]} Qd8 {[%emt 0:00:38]} 38. Bc3 {[%emt 0:01:21]} Bg7 {[%emt 0:00:32]} 39. b4 {[%emt 0:01:15]} Qd7 {[%emt 0:01:03]} 40. b5 {[%emt 0:00:00]} Kh7 {[%emt 0:00:00]} 41. Kg1 {[%emt 0:04:25]} Qb7 {[%emt 0:02:34]} 42. Qc6 {[%emt 0:00:34]} Qf7 {[%emt 0:00:32]} 43. Nb4 {[%emt 0:00:36]} Qe7 {[%emt 0:00:39]} 44. Qc4 {[%emt 0:01:11]} Qd8 {[%emt 0:00:20]} 45. Nd5 {[%emt 0:00:27]} Qb8 {[%emt 0:01:08]} 46. Qc6 {[%emt 0:00:34]} Qf8 {[%emt 0:03:57]} 47. Bb4 {[%emt 0:00:12]} Qd8 {[%emt 0:01:42]} 48. Qb7 {[%emt 0:01:50]} Kh6 {[%emt 0:01:06]} 49. Qc6 {[%emt 0:04:07]} Kh7 {[%emt 0:00:57]} 50. Qe6 {[%emt 0:01:06]} Kh6 {[%emt 0:01:11]} 51. Kf1 {[%emt 0:00:53]} Kh7 {[%emt 0:01:12]} 52. Ke2 {[%emt 0:00:07]} Nh4 {[%emt 0:00:25]} 53. Kf1 {[%emt 0:01:10]} Ng6 {[%emt 0:00:02]} 54. a4 {[%emt 0:00:04]} Bf8 {[%emt 0:01:45]} 55. Bc3 {[%emt 0:01:31]} Bg7 {[%emt 0:00:47]} 56. Qa6 {[%emt 0:02:29]} Ne7 {[%emt 0:01:01]} 57. Qe6 {[%emt 0:01:52]} Ng6 {[%emt 0:02:43]} 58. a5 {[%emt 0:00:36]} Nh4 {[%emt 0:02:18]} 59. Qf7 {[%emt 0:01:00]} Ng6 {[%emt 0:02:03]} 60. Qxa7 {[%emt 0:00:51]} Kh6 {[%emt 0:00:22]} 61. Qc7 {[%emt 0:00:17]} Qe8 {[%emt 0:00:12]} 62. Qc6 {[%emt 0:00:02]} Qd8 {[%emt 0:00:25]} 63. b6 {[%emt 0:00:19]} 1-0

[Event "European School-ch 2019"]
[Site "Mamaia"]
[Date "2019.06.03"]
[Round "4.22"]
[White "Gusev, Mikhail"]
[Black "Sapocinic, Semion"]
[Result "0-1"]
[WhiteElo "1463"]
[BlackElo "1697"]
[Annotator "NA"]
[PlyCount "67"]
[EventDate "2019.05.31"]
[EventType "swiss"]
[EventCountry "ROU"]
[SourceTitle "playchess.com"]
[Source "ChessBase"]
[SourceQuality "1"]
[TimeControl "40/5400+30:1800+30"]

1. d4 {[%emt 0:00:00]} Nf6 {[%emt 0:00:00]} 2. Nf3 {[%emt 0:00:00]} e6 {[%emt 0:00:00]} 3. e3 {[%emt 0:00:00]} b6 {[%emt 0:00:09]} 4. Bd3 {[%emt 0:00:08]} Bb7 {[%emt 0:00:08]} 5. O-O {[%emt 0:00:07]} Be7 {[%emt 0:00:04]} 6. c4 {[%emt 0:00:05]} O-O {[%emt 0:00:16]} 7. Nc3 {[%emt 0:00:05]} d5 {[%emt 0:01:06]} 8. Ne5 {[%emt 0:00:57]} c5 {[%emt 0:01:58]} 9. cxd5 {[%emt 0:01:00]} cxd4 {[%emt 0:01:18]} 10. exd4 {[%emt 0:00:09]} Nxd5 {[%emt 0:00:30]} 11. Re1 {[%emt 0:03:14]} Nd7 {[%emt 0:02:11]} 12. Nxd5 {[%emt 0:04:43]} Bxd5 {[%emt 0:00:48]} 13. Re3 {[%emt 0:01:43]} Nxe5 {[%emt 0:00:45]} 14. dxe5 {[%emt 0:00:45]} g6 {[%emt 0:09:42]} 15. b3 {[%emt 0:03:38]} Bc5 {[%emt 0:01:34]} 16. Rh3 {[%emt 0:02:11]} Bd4 {[%emt 0:03:56]} 17. Bxg6 {[%emt 0:01:27]} Bxf2+ {[%emt 0:00:52]} 18. Kxf2 {[%emt 0:01:08]} fxg6+ {[%emt 0:00:09]} 19. Kg1 {[%emt 0:01:12]} Qc7 {[%emt 0:01:45]} 20. Ba3 {[%emt 0:01:24]} Rf5 {[%emt 0:01:44]} 21. Bd6 {[%emt 0:00:12]} Qb7 {[%emt 0:00:24]} 22. Qd2 {[%emt 0:01:23]} Rc8 {[%emt 0:00:39]} 23. Rg3 {[%emt 0:09:36]} Qc6 {[%emt 0:04:48]} 24. Be7 {[%emt 0:08:23]} Qc2 {[%emt 0:02:57]} 25. Qe1 {[%emt 0:10:23]} Qb2 {[%emt 0:02:21]} 26. Rb1 {[%emt 0:12:58]} Qd4+ {[%emt 0:00:49]} 27. Kh1 {[%emt 0:08:13]} Rc2 {[%emt 0:05:32]} 28. Rc1 {[%emt 0:04:34]} Qb2 {[%emt 0:05:44]} 29. Rxc2 {[%emt 0:01:49]} Qxc2 {[%emt 0:01:17]} 30. h3 {[%emt 0:00:17]} Rf2 {[%emt 0:13:44]} 31. Qg1 {[%emt 0:01:58]} Qe2 {[%emt 0:01:19]} 32. Kh2 {[%emt 0:00:42]} Rf1 {[%emt 0:01:38]} 33. Qd4 {[%emt 0:02:02]} Qe1 {[%emt 0:00:26]} 34. Qd1 0-1

[Event "European School-ch 2019"]
[Site "Mamaia"]
[Date "2019.06.03"]
[Round "4.23"]
[White "Magold, Filip"]
[Black "Butolo, Alexandru-Mircea"]
[Result "0-1"]
[WhiteElo "1906"]
[BlackElo "1553"]
[Annotator "NA"]
[PlyCount "48"]
[EventDate "2019.05.31"]
[EventType "swiss"]
[EventCountry "ROU"]
[SourceTitle "playchess.com"]
[Source "ChessBase"]
[SourceQuality "1"]
[TimeControl "40/5400+30:1800+30"]

1. e4 {[%emt 0:00:00]} c5 {[%emt 0:00:13]} 2. Nf3 {[%emt 0:00:02]} g6 {[%emt 0:00:21]} 3. d4 {[%emt 0:00:41]} cxd4 {[%emt 0:03:20]} 4. Nxd4 {[%emt 0:00:26]} Bg7 {[%emt 0:00:30]} 5. Nc3 {[%emt 0:00:06]} Nc6 {[%emt 0:00:30]} 6. Be3 {[%emt 0:00:16]} Nf6 {[%emt 0:00:09]} 7. Bc4 {[%emt 0:00:07]} O-O {[%emt 0:00:19]} 8. Bb3 {[%emt 0:00:06]} d5 9. exd5 {[%emt 0:00:11]} Na5 {[%emt 0:00:53]} 10. O-O {[%emt 0:00:19]} Nxb3 11. Nxb3 {[%emt 0:00:05]} b6 {[%emt 0:00:32]} 12. d6 {[%emt 0:00:08]} Bb7 {[%emt 0:00:50]} 13. dxe7 Qxe7 {[%emt 0:01:18]} 14. Bd4 {[%emt 0:04:44]} Rad8 {[%emt 0:03:21]} 15. Qe2 {[%emt 0:01:37]} Qc7 {[%emt 0:01:14]} 16. Rad1 {[%emt 0:08:09]} (16. Rfe1 $11) 16... Rfe8 $15 {[%emt 0:01:28]} 17. Qb5 {[%emt 0:14:34]} Ng4 {[%emt 0:05:43]} 18. g3 {[%emt 0:04:35]} Bxd4 {[%emt 0:02:17]} 19. Rxd4 {[%emt 0:00:19]} Ne5 {[%emt 0:02:55]} 20. Rxd8 {[%emt 0:26:51]} Nf3+ {[%emt 0:08:59]} 21. Kh1 {[%emt 0:05:40]} Rxd8 {[%emt 0:00:53]} 22. Qb4 {[%emt 0:01:57]} Nd2+ {[%emt 0:06:55]} 23. Kg1 {[%emt 0:00:14]} Qc6 {[%emt 0:01:10]} 24. f3 {[%emt 0:00:16]} Nxf1 {[%emt 0:00:57]} 0-1

[Event "European School-ch 2019"]
[Site "Mamaia"]
[Date "2019.06.03"]
[Round "4.24"]
[White "Conon, Catalin"]
[Black "Cnejev, Vladimir-Alexandru"]
[Result "0-1"]
[WhiteElo "1533"]
[BlackElo "1970"]
[Annotator "NA"]
[PlyCount "56"]
[EventDate "2019.05.31"]
[EventType "swiss"]
[EventCountry "ROU"]
[SourceTitle "playchess.com"]
[Source "ChessBase"]
[SourceQuality "1"]
[TimeControl "40/5400+30:1800+30"]

1. d4 {[%emt 0:00:00]} d5 {[%emt 0:00:00]} 2. c4 {[%emt 0:00:00]} e6 {[%emt 0:00:00]} 3. cxd5 {[%emt 0:00:00]} exd5 {[%emt 0:00:00]} 4. Nc3 {[%emt 0:00:16]} Nf6 {[%emt 0:00:00]} 5. Bg5 {[%emt 0:00:32]} c6 {[%emt 0:00:04]} 6. e3 {[%emt 0:00:27]} Bf5 {[%emt 0:00:06]} 7. Bd3 {[%emt 0:01:52]} Bxd3 {[%emt 0:00:08]} 8. Qxd3 {[%emt 0:00:07]} Nbd7 {[%emt 0:00:08]} 9. Nf3 {[%emt 0:01:22]} Be7 {[%emt 0:00:29]} 10. O-O {[%emt 0:01:58]} O-O {[%emt 0:00:05]} 11. Rab1 {[%emt 0:14:20]} Ne4 $11 {[%emt 0:00:37]} 12. Bxe7 {[%emt 0:04:59]} Qxe7 {[%emt 0:00:08]} 13. Nd2 {[%emt 0:06:56]} Rfe8 {[%emt 0:01:15]} 14. Ncxe4 {[%emt 0:07:53]} dxe4 {[%emt 0:00:08]} 15. Qe2 {[%emt 0:01:10]} Nf6 {[%emt 0:03:46]} 16. f3 {[%emt 0:09:18]} Rad8 {[%emt 0:12:36]} 17. f4 {[%emt 0:06:09]} Nd5 {[%emt 0:15:17]} 18. Nc4 {[%emt 0:08:42]} c5 {[%emt 0:03:56]} 19. Rbd1 {[%emt 0:02:55]} Kh8 {[%emt 0:15:45]} 20. Rfe1 {[%emt 0:06:19]} cxd4 {[%emt 0:05:09]} 21. exd4 {[%emt 0:09:18]} Nxf4 {[%emt 0:00:51]} 22. Qg4 {[%emt 0:01:09]} Nd5 {[%emt 0:03:54]} 23. Re2 {[%emt 0:03:53]} Nf6 {[%emt 0:00:20]} 24. Qg3 {[%emt 0:02:55]} Qe6 {[%emt 0:06:01]} 25. Qb3 {[%emt 0:02:03]} Kg8 {[%emt 0:04:12]} 26. h3 {[%emt 0:01:02]} Re7 {[%emt 0:03:12]} 27. Ne5 {[%emt 0:00:58]} Qxb3 {[%emt 0:00:13]} 28. axb3 {[%emt 0:00:08]} Rxe5 {[%emt 0:00:05]} 0-1

[Event "European School-ch 2019"]
[Site "Mamaia"]
[Date "2019.06.03"]
[Round "4.25"]
[White "Kotelnikov, Konstantin"]
[Black "Kolesov, Gordey"]
[Result "1/2-1/2"]
[WhiteElo "1546"]
[BlackElo "1745"]
[Annotator "NA"]
[PlyCount "75"]
[EventDate "2019.05.31"]
[EventType "swiss"]
[EventCountry "ROU"]
[SourceTitle "playchess.com"]
[Source "ChessBase"]
[SourceQuality "1"]
[TimeControl "40/5400+30:1800+30"]

1. e4 {[%emt 0:00:00]} e5 {[%emt 0:00:00]} 2. Nf3 {[%emt 0:00:00]} Nc6 {[%emt 0:00:00]} 3. Bc4 {[%emt 0:00:02]} Bc5 {[%emt 0:00:00]} 4. b4 {[%emt 0:00:27]} Bxb4 {[%emt 0:00:14]} 5. c3 {[%emt 0:00:16]} Be7 {[%emt 0:00:09]} 6. d4 {[%emt 0:00:25]} Na5 {[%emt 0:01:38]} 7. Nxe5 {[%emt 0:14:26]} Nxc4 {[%emt 0:00:43]} 8. Nxc4 {[%emt 0:00:16]} d5 {[%emt 0:00:12]} 9. exd5 {[%emt 0:04:39]} Qxd5 {[%emt 0:00:08]} 10. Ne3 {[%emt 0:00:32]} Qd8 {[%emt 0:01:10]} 11. O-O {[%emt 0:04:26]} Nf6 {[%emt 0:00:34]} 12. c4 {[%emt 0:16:49]} O-O {[%emt 0:04:50]} 13. Nc3 {[%emt 0:06:09]} c6 {[%emt 0:11:06]} 14. Bb2 {[%emt 0:04:54]} Re8 {[%emt 0:08:58]} 15. Qd3 {[%emt 0:07:09]} Qc7 {[%emt 0:09:04]} 16. Rad1 {[%emt 0:10:28]} Ng4 {[%emt 0:09:48]} 17. Nxg4 {[%emt 0:04:45]} Bxg4 {[%emt 0:01:38]} 18. f3 {[%emt 0:06:06]} Bh5 {[%emt 0:05:10]} 19. Ne4 {[%emt 0:03:44]} Bg6 {[%emt 0:02:43]} 20. Qc3 {[%emt 0:01:46]} Bf8 {[%emt 0:11:44]} 21. Rfe1 {[%emt 0:03:06]} Rad8 {[%emt 0:11:57]} 22. d5 {[%emt 0:03:10]} cxd5 {[%emt 0:05:36]} 23. cxd5 {[%emt 0:03:18]} Qxc3 {[%emt 0:00:13]} 24. Bxc3 {[%emt 0:00:11]} Bxe4 {[%emt 0:05:56]} 25. fxe4 {[%emt 0:00:43]} Rc8 {[%emt 0:00:14]} 26. Rd3 {[%emt 0:01:23]} Rxc3 {[%emt 0:02:39]} 27. Rxc3 {[%emt 0:00:05]} Bb4 {[%emt 0:00:06]} 28. Rce3 {[%emt 0:00:05]} Bxe1 {[%emt 0:00:16]} 29. Rxe1 {[%emt 0:00:05]} f6 {[%emt 0:00:34]} 30. Kf2 {[%emt 0:00:25]} Kf8 {[%emt 0:00:31]} 31. Kf3 {[%emt 0:00:31]} Rc8 {[%emt 0:02:26]} 32. Re2 {[%emt 0:01:16]} Ke7 {[%emt 0:00:53]} 33. Kf4 {[%emt 0:01:08]} Rc4 {[%emt 0:01:48]} 34. g4 {[%emt 0:01:05]} g6 {[%emt 0:01:57]} 35. h4 {[%emt 0:01:49]} Rc1 {[%emt 0:00:51]} 36. Rf2 {[%emt 0:00:40]} Rh1 {[%emt 0:00:47]} 37. Kg3 {[%emt 0:01:13]} Re1 {[%emt 0:00:15]} 38. Kf4 {[%emt 0:00:07]} 1/2-1/2

[Event "European School-ch 2019"]
[Site "Mamaia"]
[Date "2019.06.03"]
[Round "4.26"]
[White "Kotolashvili, Davit"]
[Black "Ciocani, Iosif"]
[Result "1/2-1/2"]
[WhiteElo "1374"]
[BlackElo "1740"]
[Annotator "NA RC"]
[PlyCount "105"]
[EventDate "2019.05.31"]
[EventType "swiss"]
[EventCountry "ROU"]
[SourceTitle "playchess.com"]
[Source "ChessBase"]
[SourceQuality "1"]
[TimeControl "40/5400+30:1800+30"]

1. e4 {[%emt 0:00:00]} c5 {[%emt 0:00:00]} 2. Nf3 {[%emt 0:00:00]} Nc6 {[%emt 0:00:00]} 3. Bb5 {[%emt 0:00:00]} g6 {[%emt 0:01:03]} 4. O-O {[%emt 0:00:00]} Bg7 {[%emt 0:00:16]} 5. c3 {[%emt 0:00:03]} Nf6 {[%emt 0:05:18]} 6. Re1 {[%emt 0:00:07]} O-O {[%emt 0:02:56]} 7. d4 {[%emt 0:01:08]} cxd4 8. cxd4 {[%emt 0:00:11]} a6 {[%emt 0:04:29]} 9. Bf1 {[%emt 0:01:35]} d5 {[%emt 0:00:45]} 10. e5 {[%emt 0:02:32]} Ne4 {[%emt 0:03:21]} 11. Nc3 {[%emt 0:01:06]} Nxc3 {[%emt 0:01:50]} 12. bxc3 {[%emt 0:00:09]} Na5 {[%emt 0:03:01]} 13. Nd2 {[%emt 0:13:41]} Qc7 {[%emt 0:04:31]} 14. Qf3 {[%emt 0:04:45]} Be6 {[%emt 0:07:18]} 15. Nb3 {[%emt 0:03:08]} Nxb3 {[%emt 0:12:14]} 16. axb3 {[%emt 0:00:08]} b5 {[%emt 0:03:34]} 17. Ba3 {[%emt 0:16:43]} Rfe8 {[%emt 0:05:44]} 18. Bc5 {[%emt 0:10:50]} Red8 {[%emt 0:03:07]} 19. Bd3 {[%emt 0:01:50]} Bc8 {[%emt 0:06:16]} 20. c4 {[%emt 0:07:12]} bxc4 {[%emt 0:02:22]} 21. bxc4 {[%emt 0:00:21]} Bb7 {[%emt 0:01:16]} 22. Rab1 {[%emt 0:09:30]} Qd7 {[%emt 0:05:46]} 23. Rb6 {[%emt 0:07:25]} Bc6 {[%emt 0:02:25]} 24. Bxe7 {[%emt 0:05:27]} Qxe7 25. Rxc6 {[%emt 0:00:44]} dxc4 {[%emt 0:05:39]} 26. Rxc4 {[%emt 0:00:18]} a5 {[%emt 0:00:24]} 27. Ra4 {[%emt 0:02:02]} Qc7 {[%emt 0:02:27]} 28. Rb1 {[%emt 0:01:21]} Rdb8 {[%emt 0:02:32]} 29. Rxb8+ {[%emt 0:00:10]} Rxb8 {[%emt 0:00:13]} 30. g3 {[%emt 0:02:47]} Bf8 {[%emt 0:01:42]} 31. Qe4 {[%emt 0:02:10]} Bb4 {[%emt 0:03:38]} 32. Ra2 {[%emt 0:01:10]} Re8 {[%emt 0:02:36]} 33. Bb5 {[%emt 0:01:12]} Rd8 {[%emt 0:01:50]} 34. d5 {[%emt 0:00:56]} Qc5 {[%emt 0:01:25]} 35. Bc6 {[%emt 0:00:30]} Bc3 {[%emt 0:01:23]} 36. Rc2 {[%emt 0:02:10]} Qb4 {[%emt 0:02:28]} 37. Qxb4 {[%emt 0:00:32]} axb4 {[%emt 0:00:26]} 38. f4 {[%emt 0:00:08]} Bd4+ {[%emt 0:01:26]} 39. Kf1 {[%emt 0:01:06]} b3 {[%emt 0:00:23]} 40. Rc1 {[%emt 0:00:00]} b2 {[%emt 0:00:00]} 41. Rb1 {[%emt 0:00:15]} f6 {[%emt 0:03:33]} 42. e6 {[%emt 0:00:43]} Kf8 {[%emt 0:01:01]} 43. Ke2 {[%emt 0:01:25]} f5 {[%emt 0:01:56]} 44. Kd3 {[%emt 0:01:11]} Bf6 {[%emt 0:02:21]} 45. Kc4 {[%emt 0:04:04]} Ke7 {[%emt 0:02:17]} 46. Kc5 {[%emt 0:00:53]} Rd6 {[%emt 0:07:53]} 47. Rd1 {[%emt 0:09:11]} h6 {[%emt 0:02:38]} 48. h4 {[%emt 0:02:13]} Bg7 {[%emt 0:00:47]} 49. Kb6 {[%emt 0:01:48]} Bd4+ {[%emt 0:04:21]} 50. Kb5 {[%emt 0:03:52]} Rd8 {[%emt 0:03:19]} 51. Kc4 {[%emt 0:00:17]} Rb8 {[%emt 0:00:23]} 52. Rb1 {[%emt 0:01:30]} Bg7 53. Kc5 {[%emt 0:08:49]} 1/2-1/2